Хозяйственный механизм управления социалистической экономикой: учебное пособие для вузов

Λεπτομέρειες βιβλιογραφικής εγγραφής
Άλλοι συγγραφείς: Бунич П. Г. (редактор)
Περίληψη:Исключено из фонда НТБ ТПУ
Γλώσσα:Ρωσικά
Έκδοση: Москва, Экономика, 1984
Μορφή: Βιβλίο
KOHA link:https://koha.lib.tpu.ru/cgi-bin/koha/opac-detail.pl?biblionumber=255805

MARC

LEADER 00000nam0a2200000 4500
001 255805
005 20231031215250.0
035 |a (RuTPU)RU\TPU\book\278358 
090 |a 255805 
100 |a 20140401d1984 m y0rusy50 ca 
101 0 |a rus 
102 |a RU 
105 |a y j 001zy 
200 1 |a Хозяйственный механизм управления социалистической экономикой  |e учебное пособие для вузов  |f под ред. П. Г. Бунича 
210 |a Москва  |c Экономика  |d 1984 
215 |a 304 с. 
320 |a Библиогр.: с. 205-302. 
333 |a Исключено из фонда НТБ ТПУ 
702 1 |a Бунич  |b П. Г.  |4 340 
801 1 |a RU  |b 63413507  |c 20140401 
801 2 |a RU  |b 63413507  |c 20150408  |g RCR 
942 |c BK